| 000 | 00642nam a2200217Ia 4500 | ||
|---|---|---|---|
| 003 | GCL | ||
| 008 | 140319s9999 xx 000 0 ara d | ||
| 020 | _a9387236977 | ||
| 040 |
_aGCL / _cGCL |
||
| 082 | 0 | 4 |
_aق _b920.72 _bا خ |
| 100 | 1 | _aاحمد رجائى | |
| 245 | 1 | 0 |
_a500 شخصية نسائية سكندرية : _b( رموز و شخصيات ) / _cاحمد رجائى |
| 700 | 1 | _aهديل شرف | |
| 250 | _aد.ط | ||
| 260 |
_a[S.N] : _bد. ن ، _c2002 |
||
| 300 |
_a150 ص ؛ _c25 سم |
||
| 490 |
_aالموسوعة _v2 |
||
| 650 | 0 | 4 | _aالنساء - تراجم |
| 650 | 0 | 4 | _aالادباء - تراجم |
| 942 |
_2ddc _cBK |
||
| 999 |
_c8853 _d8853 |
||